Statistiques concernant Les personnages Harry Potter chez Gryffondor

Cliquez ici pour prendre le quiz!

Statistiques générales

  • Ce quiz a été pris 288 fois
  • Le résultat moyen est 28 sur 37

Statistiques - réponses

Réponse% Correct
Harry Potter
100%
Hermione Granger
100%
Ron Weasley
100%
Fred Weasley
97%
George Weasley
96%
Ginny Weasley
93%
Percy Weasley
93%
James Potter
92%
James Sirius Potter
92%
Bill Weasley
91%
Lily Potter
90%
Albus Dumbledore
89%
Sirius Black
89%
Charlie Weasley
88%
Minerva Mcgonagall
88%
Molly Weasley
88%
Neville Londubat
88%
Arthur Weasley
87%
Seamus Finnigan
87%
Dean Thomas
86%
Peter Pettigrow
78%
Remus Lupin
78%
Lavande Brown
74%
Parvati Patil
74%
Angelina Johnson
68%
Colin Crivey
67%
Olivier Dubois
65%
Katie Bell
57%
Lee Jordan
52%
Dennis Crivey
51%
Alicia Spinnet
50%
Nick quasi sans tête
46%
Rubeus Hagrid
46%
Cormac McLaggen
38%
Rose Granger-Weasley
37%
Romilda Vane
28%
Nigel Wolpert
10%

Distribution des résultats

Percentile par nombre de réponses

% des personnes avec chaque résultat

Votre développement - résultats

Vous n’avez pas pris ce quiz